=LDR 00000nam 2200000 4500 =001 $a INLIS000000000008543 =005 $a 20260629132649 =008 $a 260629################g##########0#ind## =022 ##$$a 978-602-376-161-6 =035 ##$$a 0010-0626000170 =082 ##$$a 618.1 =084 ##$$a 618.1 ANA a =100 #$$a Ana Ratnawati =245 ##$$a Asuhan Keperawatan Pada Pasien Dengan Gangguan Sistem Reproduksi $b - $c Ana Ratnawati =246 ##$$a =260 ##$$a Yogyakarta $b Pustaka Baru Press $c 2018 =300 ##$$a 240 hlm. $b $c 23 cm. $d =336 ##$$a =337 ##$$a =338 ##$$a =520 #$$a =650 #$$a Reproduksi =700 #$$a =740 ##$$a =856 ##$$a =Wor $a 1